Premiers de la phase régulière de Top 14. (1933 - …) - Statistiques

Statistiques générales
  • Ce quiz a été pris 414 fois
    81 depuis la dernière actualisation
  • Le résultat moyen est 15 sur 20
Statistiques - réponses
Club Année % Correct
Stade toulousain 1947 | 1949 | 1985 | 1990 | 1992 |1994 | 1996 | 1998 | 1999 | 2000 | 2011 | 2012 | 2019 | 2021 | 2023 | 2024 | 2025
100%
Biarritz olympique 2002 | 2006
96%
RC Toulon 1987 | 1988 | 2014
94%
Stade français Paris 2005 | 2007 | 2015
94%
Castres olympique 2001 | 2022
91%
ASM Clermont 1937 | 1938 | 2008 | 2013 | 2016
91%
Stade rochelais 2017
90%
Montpellier HR 2018
90%
USA Perpignan 1956 | 1993 | 1995 | 2004 | 2009 |2010
87%
Aviron bayonnais 1934 | 1935 | 1936 | 1939
80%
SU Agen 1962 | 1963 | 1964 | 1966 | 1970 |1973 | 1986 | 2003
73%
CA Brive 1967 | 1972
73%
AS Béziers 1961 | 1971 | 1974 | 1975 | 1977 |1978 | 1979 | 1980 | 1991
71%
RC Narbonne 1933 | 1969 | 1976 | 1983 | 1984
66%
US Dax 1982
63%
Stade montois 1952 | 1955 | 1960
59%
FC Grenoble 1943 | 1981 | 1989
59%
FC Lourdes 1948 | 1950 | 1951 | 1953 | 1954 |1957 | 1958 | 1959
46%
CS Bourgoin-Jallieu 1997
43%
SC Graulhet 1965 | 1968
7%
Aucun quiz correspondant
Distribution des résultats
% des personnes avec chaque résultat
Percentile par nombre de réponses
Votre historique - résultats
Vous n’avez pas pris ce quiz depuis la dernière actualisation